Quantitative Methods for Business Decisions. (Record no. 3084)

MARC details
005 - DATE AND TIME OF LATEST TRANSACTION
control field 20250612131334.0
020 ## - INTERNATIONAL STANDARD BOOK NUMBER
International Standard Book Number 978-1-84480-574-7
082 ## - DEWEY DECIMAL CLASSIFICATION NUMBER
Classification number LECT 658.403 CUR
100 ## - MAIN ENTRY--PERSONAL NAME
Author name CURWIN, J.
245 ## - TITLE STATEMENT
Title Quantitative Methods for Business Decisions.
250 ## - EDITION STATEMENT
Edition statement 6th Ed.
260 ## - PUBLICATION, DISTRIBUTION, ETC.
Place of publication, distribution, etc. Australia,
Name of publisher, distributor, etc. Cengage Learning,
Date of publication, distribution, etc. 2008.
300 ## - PHYSICAL DESCRIPTION
Extent xix, 790p.: figure, table.
Other physical details Glossary & Index,
Dimensions 24cm.
700 ## - ADDED ENTRY--PERSONAL NAME
Other authors/Editors SLATER, R.
856 ## - ELECTRONIC LOCATION AND ACCESS
Link text Access Online Book
Electronic name Quantitative Methods for Business Decisions
Path www.cengage.co.uk
942 ## - ADDED ENTRY ELEMENTS (KOHA)
Source of classification or shelving scheme Dewey Decimal Classification
Koha item type Books
Holdings
Date last seen Total checkouts Full call number Barcode Cost, replacement price Price effective from Koha item type Lost status Source of classification or shelving scheme Damaged status Not for loan Withdrawn status Home library Current library Shelving location Date acquired Cost, normal purchase price Date last checked out
06/03/2025   LECT 658.403 CUR 00000010728 87000.00 06/03/2025 Books   Dewey Decimal Classification       College of Business Education Main Library College of Business Education Main Library Special Reserve Collection 10/27/2009 29000.00  
11/18/2025 2 LECT 658.403 CUR 00000012774 87000.00 06/12/2025 Books   Dewey Decimal Classification       College of Business Education Main Library College of Business Education Main Library General Collection 10/27/2009 29000.00 10/07/2025